Quiz o wyborach prezydenckich 2025 - Statystyki

Ogólne statystyki
  • Ten quiz został rozwiązany 65 razy
  • Średni wynik to 15 z 20
Statystyki odpowiedzi
Zagadnienie Odpowiedź % Poprawnych
Która z kandydatek zasłynęła z czerwonych korali? Joanna Senyszyn
98%
Kto wygrał wybory prezydenckie w 2025 roku? Karol Nawrocki
98%
Który z wymienionych polityków nie brał udziału w wyborach prezydenckich w 2025 roku? Janusz Palikot
97%
Który kandydat zachęcał wyborców do jedzenia Prince Polo w swojej kampanii wyborczej? Rafał Trzaskowski
95%
Który z wymienionych kandydatów kojarzony był z jazdy na hulajnodze pomiędzy spotkaniami wyborczymi? Sławomir Mentzen
95%
Który z wymienionych dziennikarzy wziął udział w wyborach prezydenckich w 2025 roku? Krzysztof Stanowski
92%
Który z kandydatów przejął tęczową flagę od Rafała Trzaskowskiego podczas jednej z debat? Magdalena Biejat
90%
Który z kandydatów zasłynął z słów podczas debaty "Mam największe szanse na wygranie z Rafałem Trzaskowskim w drugiej turze wyborów"? Sławomir Mentzen
83%
Który z kandydatów otrzymał najmniej głosów w pierwszej turze? Marek Woch
82%
Jaki wynik procentowy w pierwszej turze osiągnął Szymon Hołownia? 4,99%
72%
Jaki wynik procentowy w pierwszej turze osiągnął Sławomir Mentzen? 14,81%
70%
Który z kandydatów wykorzystał klucz hydrauliczny podczas debaty? Marek Woch
70%
Który z kandydatów wypowiedział słowa "Tak, są dwie pucie"? Karol Nawrocki
68%
Który z kandydatów w trakcie debaty wyszedł zapalić papierosa? Maciej Maciak
68%
Na kogo powołał się Donald Tusk w wywiadzie u Bogdana Rymanowskiego na kilka dni przed drugą turą wyborów? Na Jacka Murańskiego
67%
Ilu kandydatów zostało zgłoszonych do wyborów prezydenckich w 2025 roku? 13
65%
Polityk której partii podczas kampanii wyborczej wypowiedział słowa "Cóż szkodzi obiecać"? Platformy Obywatelskiej
65%
Czy w drugiej turze Karol Nawrocki osiągnął wynik powyżej 90% w jakiejkolwiek gminie? Tak
53%
Czy w drugiej turze wyborów Rafał Trzaskowski osiągnął wynik powyżej 80% w jakimkolwiek mieście? Nie
52%
Ile wynosiła różnica pomiędzy kandydatami w drugiej turze? 300 - 400 tysięcy
50%
Nie znaleziono quizów pasujących do podanych kryteriów
Rozkład punktacji
Procent ludzi z każdym wynikiem
Percentyl według liczby udzielonych odpowiedzi
Twoja historia wyników
Nie rozwiązałeś tego quizu